Normal view
MARC view
- Plant Maintenance -------- Management.
Entry Topical Term
001 - CONTROL NUMBER
- control field: 2593
003 - CONTROL NUMBER IDENTIFIER
- control field: NUST
005 - DATE AND TIME OF LATEST TRANSACTION
- control field: 20170614091207.0
008 - FIXED-LENGTH DATA ELEMENTS
- fixed length control field: 170614|| aca||aabn | a|a d
040 ## - CATALOGING SOURCE
- Original cataloging agency: NUST
- Transcribing agency: NUST
150 ## - HEADING--TOPICAL TERM
- Topical term or geographic name entry element: Plant Maintenance -------- Management.
670 ## - SOURCE DATA FOUND
- Source citation: Work cat.: (NUST)23741: R . Keith Mobley 1943 2591, An Introduction to Predictive Maintence , c2002
